Movie by Repeated Quote III Quiz Stats

Quiz Updated Jan 4, 2017

Challenge
Share
Tweet
Embed
Score 0/18 Timer 05:00
1 Play Today
% Correct
E.T. the Extra-Terrestrial
93%
Scream
90%
The Lord of the Rings: The Two Towers
89.6%
The Karate Kid
85.2%
Lilo & Stitch
84.1%
Saw
80.1%
Gladiator
78.9%
The Hangover
78.7%
Of Mice and Men
74.7%
% Correct
The Sandlot
67.3%
Monty Python and the Holy Grail
66.4%
Indiana Jones and the Temple of Doom
58.7%
Inglourious Basterds
54.4%
The Green Mile
54.2%
Mad Max Beyond Thunderdome
52.3%
The Purple Rose of Cairo
51.4%
Butch Cassidy and the Sundance Kid
46.1%
Zootopia
35.3%

You're not logged in!

Compare scores with friends on all Sporcle quizzes.
Join for Free
OR
Log In

You Might Also Like...

Show Comments

Extras

Top Quizzes Today


Score Distribution

Your Account Isn't Verified!

In order to create a playlist on Sporcle, you need to verify the email address you used during registration. Go to your Sporcle Settings to finish the process.

Report this User

Report this user for behavior that violates our Community Guidelines.

Details: